| 000 | 00428nam a2200181Ia 4500 | ||
|---|---|---|---|
| 001 | 14710 | ||
| 005 | 20260306164934.0 | ||
| 008 | 260306t1994||||xx |||||||||||||| ||spa|| | ||
| 041 | _aESP | ||
| 082 |
_a516.3 _bL41 1994 |
||
| 100 |
_aLehmann, Charles H. _eAUT |
||
| 245 | 0 | _aGeometría analítica | |
| 260 | _c1994 | ||
| 300 |
_avii, 494 páginas : _c23 cm. |
||
| 650 | _aGEN | ||
| 654 | _aCMA | ||
| 942 |
_cLIB _dJUS _fJUS _2ddc _n |
||
| 999 |
_c14710 _d14710 |
||